000
00272nam a2200097Ia 4500
001
1225224
005
20250827092941.0
008
250824s9999 xx 000 0 und d
245
0
_a
DİJİTAL KALE
_c
NURDAN BEŞERGİL
260
_b
ALTIN KİTAPLAR YAYINLARI
999
_c
1225224
_d
1225224